000 00386nam a22001577a 4500
003 OSt
005 20211227145408.0
008 211227b |||||||| |||| 00| 0 eng d
020 _a0805317708
040 _cHU
082 _a005.13
100 _aEtter M. D.
_925481
245 _aFortran 77With Numerical Methods For Engineers And Scientists
300 _f776
942 _2ddc
_cBOOKS
_n0
999 _c24395
_d24395